| 000 | 01008cab a2200253 4500 | ||
|---|---|---|---|
| 001 | WB3507-21 | ||
| 008 | 090401t1999 xxu||||| |||| 00| 0 eng d | ||
| 035 | _a(Sirsi) u91395 | ||
| 041 | _aeng | ||
| 245 | _aBiologists defend modified foods | ||
| 260 | _c1999 | ||
| 350 | _a0 | ||
| 490 |
_aFinancial Times _v17 February 1999, 8 ; 18 February 1999, 1 |
||
| 490 |
_aDaily Telegraph _v17 February 1999, 5 |
||
| 490 |
_aRICS Press Release _v(pr165) 18 February 1999 (4) |
||
| 520 | _aThe Biotechnology and Biological Sciences Research Council is fighting back against public opposition to genetically modified foods. Opponents of modified foods are demanding a ban on growing GM crops until 2004. The RICS has called for public register of land used for Genetically Modified Organisms (GMOs). | ||
| 650 | _aCROPS | ||
| 650 | _aFOOD PRODUCTION | ||
| 650 | _aGENETICALLY MODIFIED CROPS | ||
| 650 | _aGENETICALLY MODIFIED FOODS | ||
| 690 | _aECONOMIC AND SOCIAL | ||
| 942 | _n0 | ||
| 948 | _c17/02/1999 | ||
| 999 |
_c58016 _d58016 |
||